00414cam a2200169ua 45000010005000000080039000050200015000440400009000590410008000680820012000761000030000882450053001182500009001712600028001803000010002086530026002187263141205n un |||gr||||Z||||||ben a5050017718 cMAIN aben a891.443 aBhoumik, N.,eTranslator.1 aUkrainian folk talescTranslated by Noni Bhoumik a1st. aMoscow:bRaduga,c1988. a247p. aBengali short shories